Cries for a lost homeland: reflections on Jesus' sayings from the cross

Saved in:  
Bibliographic Details
Main Author: Francis-Dehqani, Gulnar Eleanor (Author)
Format: Print Book
Language:English
Subito Delivery Service: Order now.
Check availability: HBZ Gateway
Book acquisition:
Drawer...
Interlibrary Loan:Interlibrary Loan for the Fachinformationsdienste (Specialized Information Services in Germany)
Published: Norwich Canterbury Press 2021
In:Year: 2021
Further subjects:B Jesus Christ Seven last words
B Jesus Christ Crucifixion

MARC

LEADER 00000cam a22000002c 4500
001 1767491646
003 DE-627
005 20251226194529.0
007 tu
008 210819s2021 xx ||||| 00| ||eng c
016 7 |a GBC199113  |2 UK 
020 |a 9781786223838  |c pbk.  |9 978-1-78622-383-8 
035 |a (DE-627)1767491646 
035 |a (DE-599)KXP1767491646 
035 |a (Uk)020235934 
040 |a DE-627  |b ger  |c DE-627  |e rda 
041 |a eng 
082 0 |a 232.9635  |2 23 
100 1 |a Francis-Dehqani, Gulnar Eleanor  |e VerfasserIn  |4 aut 
192 |a 1 
245 1 0 |a Cries for a lost homeland  |b reflections on Jesus' sayings from the cross  |c Guli Francis-Dehqani ; preface by Samuel Wells ; afterword by David Monteith 
264 1 |a Norwich  |b Canterbury Press  |c 2021 
300 |a 1 volume  |c 22 cm 
336 |a Text  |b txt  |2 rdacontent 
337 |a ohne Hilfsmittel zu benutzen  |b n  |2 rdamedia 
338 |a Band  |b nc  |2 rdacarrier 
600 1 0 |a Jesus Christ  |x Seven last words 
600 1 0 |a Jesus Christ  |x Crucifixion 
601 |a Homeland 
935 |a mteo 
951 |a BO 
ELC |b 1 
LOK |0 000 xxxxxcx a22 zn 4500 
LOK |0 001 3970075629 
LOK |0 003 DE-627 
LOK |0 004 1767491646 
LOK |0 005 20210819231900 
LOK |0 008 210628||||||||||||||||ger||||||| 
LOK |0 040   |a DE-Tue135  |c DE-627  |d DE-Tue135 
LOK |0 092   |o n 
LOK |0 852   |a DE-Tue135 
LOK |0 852 1  |9 00 
LOK |0 935   |a ixbt 
LOK |0 939   |a 28-06-21  |b l01 
ORI |a SA-MARC-ixtheoa001.raw